| 000 | | | 05597nac2a22003853x 450 |
| 001 | | | a236b2ed-7f68-42ca-9bab-c70e7a713091 |
| 005 | | | 20240819230305.0 |
| 100 | ## | $a | 20240716l18791888k y0rusy50 ca |
| 101 | 0# | $a | rus |
| 102 | ## | $a | RU |
| 105 | ## | $a | y z ||||| |
| 122 | 2# | $a | d18791231 |
| | $a | d18881231 |
| 200 | 1# | $a | Нелидовой Елене Николаевне |
| | $j | 1879 - 1888 |
| 215 | ## | $a | 25 листов |
| | $d | 32,3 х 24,2 |
| 251 | ## | $c | Дело |
| 300 | ## | $a | Заголовок дела на папке: Письма и телеграммы Лорис-Меликова, М. Т. Нелидовой Елене Николаевне |
| 300 | ## | $a | В деле имеются телеграммы |
| 300 | ## | $a | Листы: 1-10, 20-25 - телеграммы; 5 (пять) чистых листов |
| 300 | ## | $a | На папке дела: 1879 г. - 1888 г. и б.д. |
| 300 | ## | $a | Часть текста машинописная и рукописная, часть - напечатана типографским способом |
| 325 | ## | $a | Замикрофильмировано |
| 330 | ## | $a | Входит в раздел описи: Письма Лорис-Меликова к разным лицам |
| 461 | #0 | $1 | 001cda3d175-ae4a-411a-8dea-9cc20fb178f6 |
| | $1 | 2001 |
| | $a | Лорис-Меликов Михаил Тариелович, граф, министр внутренних дел, главный начальник "верховной распорядительной комиссии по охранению государственного порядка и общественного спокойствия", генерал от кавалерии |
| | $1 | 251 |
| | $c | Фонд |
| | $1 | 852 |
| | $j | 569 |
| 462 | #0 | $1 | 001163e060a-d7cc-404d-90ee-e28c9801971b |
| | $1 | 2001 |
| | $a | Опись дел фонда М. Т. Лорис-Меликова за 1858-1915 гг. |
| | $v | Д. 140 |
| | $1 | 251 |
| | $c | Опись |
| | $1 | 852 |
| | $j | 1 |
| 517 | 1# | $a | Письма и телеграммы Лорис-Меликова, М. Т. Нелидовой Елене Николаевне |
| 600 | #1 | $a | Лорис-Меликов |
| | $b | М. Т. |
| | $g | Михаил Тариелович |
| 605 | ## | $3 | DITM\AF\0000002775 |
| | $a | Власть |
| | $l | коллекция |
| | $2 | acquisition_prlib |
| 610 | 1# | $a | Письма |
| | $a | Телеграммы |
| 686 | ## | $a | 63.3(2)535-332ю1 |
| | $c | История |
| | $2 | rubbk |
| 686 | ## | $a | 67.400.6ю1 |
| | $c | Право |
| | $2 | rubbk |
| 700 | #1 | $a | Лорис-Меликов |
| | $b | М. Т. |
| | $g | Михаил Тариелович |
| 702 | #1 | $a | Нелидова |
| | $b | Е. Н. |
| | $g | Елена Николаевна |
| | $4 | 660 |
| 801 | #0 | $a | RU |
| | $b | GA_RF |
| 801 | #1 | $a | RU |
| | $b | ГлавНИВЦ |
| | $c | 20240716 |
| | $2 | rusmarc |
| 801 | #2 | $a | RU |
| | $b | ПБ им. Б.Н. Ельцина |
| | $c | 20240819 |
| | $g | RCR |
| | $2 | rusmarc |
| 852 | ## | $a | ГА РФ |
| | $j | 140 |
| 937 | ## | $d | 193627900 |
| | $h | ГАРФ |
| 035 | ## | $a | RuPRLIB51076572 |
| 856 | ## | $u | http://readingroom.main.prlib.ru/item.aspx?id_node=n193627900&mode=full |